[Event "Feffernitz op 28th"]
[Site "Feffernitz"]
[Date "2019.08.24"]
[Round "8"]
[White "Tscheinig, Gert"]
[Black "Binder, Christopher"]
[Result "1-0"]
[WhiteElo "1925"]
[BlackElo "1734"]
[PlyCount "39"]
[EventDate "2019.08.18"]
[EventType "swiss"]
[EventRounds "9"]
[EventCountry "AUT"]
[SourceTitle "EXT 2020"]
[Source "ChessBase"]
[SourceDate "2019.10.17"]
[SourceVersion "1"]
[SourceVersionDate "2019.10.17"]
[SourceQuality "1"]

1. e4 e5 2. d4 exd4 3. Qxd4 Nc6 4. Qe3 Nf6 5. Nc3 b6 6. Bd2 Bc5 7. Qg3 Qe7 8. 0-0-0 d6 9. f3 Nh5 10. Qe1 Be6 11. Bb5 Qd7 12. Qh4 Nf6 13. e5 Nd5 14. Qa4 Nde7 15. Bg5 Nb4 16. Bxd7+ Bxd7 17. Qxb4 Bxb4 18. Bxe7 Kxe7 19. Nd5+ Ke6 20. Nxb4 1-0

[Event "Feffernitz op 28th"]
[Site "Feffernitz"]
[Date "2019.08.23"]
[Round "7"]
[White "Binder, Christopher"]
[Black "Feit, Florian"]
[Result "0-1"]
[WhiteElo "1734"]
[BlackElo "2058"]
[PlyCount "66"]
[EventDate "2019.08.18"]
[EventType "swiss"]
[EventRounds "9"]
[EventCountry "AUT"]
[SourceTitle "EXT 2020"]
[Source "ChessBase"]
[SourceDate "2019.10.17"]
[SourceVersion "1"]
[SourceVersionDate "2019.10.17"]
[SourceQuality "1"]

1. d4 d5 2. c4 c6 3. Nf3 Nf6 4. Nc3 dxc4 5. a4 Bf5 6. Ne5 Nbd7 7. Nxc4 e6 8. f3 Bb4 9. Bg5 h6 10. Bh4 Nb6 11. e4 Bh7 12. Qd2 Nxc4 13. Bxc4 Nxe4 14. fxe4 Qxh4+ 15. g3 Bxc3 16. bxc3 Qxe4+ 17. Kf2 Qf5+ 18. Ke2 Qg4+ 19. Kf2 Be4 20. Rhf1 0-0 21. Ke3 Qg5+ 22. Rf4 Bd5 23. Bd3 e5 24. dxe5 Rae8 25. Kf2 Rxe5 26. Rb1 c5 27. Bc2 Qh5 28. h4 Rfe8 29. Bd1 Qg6 30. Rb5 Qc6 31. Qd3 c4 32. Qd4 Qe6 33. Rb2 Qh3 0-1

[Event "Feffernitz op 28th"]
[Site "Feffernitz"]
[Date "2019.08.18"]
[Round "1"]
[White "Binder, Christopher"]
[Black "Markun, Bostjan"]
[Result "0-1"]
[WhiteElo "1734"]
[BlackElo "2261"]
[PlyCount "44"]
[EventDate "2019.08.18"]
[EventType "swiss"]
[EventRounds "9"]
[EventCountry "AUT"]
[SourceTitle "EXT 2020"]
[Source "ChessBase"]
[SourceDate "2019.10.17"]
[SourceVersion "1"]
[SourceVersionDate "2019.10.17"]
[SourceQuality "1"]

1. d4 Nf6 2. c4 g6 3. Nc3 Bg7 4. e4 d6 5. f3 0-0 6. Be3 b6 7. Qd2 c5 8. Nge2 Nc6 9. 0-0-0 a6 10. g4 Bxg4 11. fxg4 Nxg4 12. dxc5 bxc5 13. Bh3 Nxe3 14. Qxe3 Rb8 15. b3 Qa5 16. Qd2 Ne5 17. Na4 Rb4 18. a3 Bh6 19. Qxh6 Rxb3 20. Nb2 Qxa3 21. Rd2 Qa1+ 22. Kc2 Qxh1 0-1

[Event "AUT-ch U16"]
[Site "Sankt Veit an der Glan"]
[Date "2019.04.16"]
[Round "5"]
[White "Lerch, Johannes"]
[Black "Binder, Christopher"]
[Result "1-0"]
[WhiteElo "1624"]
[BlackElo "1725"]
[PlyCount "45"]
[EventDate "2019.04.14"]
[EventType "swiss"]
[EventRounds "7"]
[EventCountry "AUT"]
[SourceTitle "CBM 190 Extra"]
[Source "ChessBase"]
[SourceDate "2019.07.15"]
[SourceVersion "1"]
[SourceVersionDate "2019.07.15"]
[SourceQuality "1"]

1. e4 e5 2. Nf3 Nc6 3. Bc4 Bc5 4. 0-0 Nf6 5. d4 exd4 6. e5 d5 7. exf6 dxc4 8. fxg7 Rg8 9. Bg5 Qd6 10. Nbd2 Be6 11. Ne4 Rxg7 12. Nxd6+ Bxd6 13. Bh4 Kd7 14. Nxd4 Nxd4 15. Qxd4 Rg4 16. Qf6 Rag8 17. Bg3 Be7 18. Rad1+ Ke8 19. Qe5 h5 20. Qxc7 Kf8 21. h3 R4g5 22. Rd8+ Bxd8 23. Qxd8+ 1-0